Managing for results is an impossible job: solution or symbol? (Record no. 65853)

000 -LEADER
fixed length control field 01414pab a2200157 454500
008 - FIXED-LENGTH DATA ELEMENTS--GENERAL INFORMATION
fixed length control field 180718b2005 xxu||||| |||| 00| 0 eng d
100 ## - MAIN ENTRY--PERSONAL NAME
Personal name Moynihan, Donald P.
245 ## - TITLE STATEMENT
Title Managing for results is an impossible job: solution or symbol?
260 ## - PUBLICATION, DISTRIBUTION, ETC.
Date of publication, distribution, etc. 2005
300 ## - PHYSICAL DESCRIPTION
Extent p.213-31.
520 ## - SUMMARY, ETC.
Summary, etc. Recent years have been characterized by widespread adoption of reforms that called for governments to manage for results. This article tackles the question: what is the impact of results-based reforms in functions that the public management literature has defined as "impossible jobs?" The implementation of strategic planning and performance measurement in the Alabama Department of Corrections provides a case study of such a scenario. The explicit goals of results-based reforms suggest a solution to "impossible jobs" by achieving improved allocation, effectiveness, and efficiency. However, the case evidence suggests that their main use is as a symbol of rational governance, to be used by beleaguered agencies andgovernments in a bid to increase resources. Beyond this, the public manager in an impossible job finds little benefit from results-based reform, and seeks to devote as few resources as is necessary to comply with reform requirements. - Reproduced.
650 ## - SUBJECT ADDED ENTRY--TOPICAL TERM
Topical term or geographic name entry element Performance appraisal
650 ## - SUBJECT ADDED ENTRY--TOPICAL TERM
Topical term or geographic name entry element Public administration
773 ## - HOST ITEM ENTRY
Main entry heading International Journal of Public Administration
909 ## -
-- 65853
Holdings
Withdrawn status Lost status Damaged status Not for loan Permanent Location Current Location Date acquired Serial Enumeration / chronology Barcode Date last seen Price effective from Koha item type
        Indian Institute of Public Administration Indian Institute of Public Administration 2018-07-19 Volume no: 28, Issue no: 3-4 AR66305 2018-07-19 2018-07-19 Articles

Powered by Koha